000 00462nam a2200181Ia 4500
001 20586
003 IN-NITTTR
005 20251114233235.0
008 251113s9999||||xx |||||||||||||| ||eng||
040 _beng
040 _cIN-NITTTR
041 _aeng
082 _a624.18341 M11R
100 _aMacginley, T. J.
245 0 _aReinforced concrete :
_b design theory and examples /
_cMacginley, T. J., Choo, B. S.
700 _a Choo, B. S.
942 _2ddc
_cBK
999 _c23216
_d23216